000 00602nam a2200205Ia 4500
005 20250508152439.0
008 008 250505s9999 xx 000 0 eng d
037 _aTextual
040 _aFEDL
_beng
_cFEDL
041 _aeng
_2eng
084 _a301, CHA
_qFEDL
100 _aChase Stuart
245 0 _aRoads to agreement : Successful methodsin the science of human relations
260 _aNew York, USA
_bHarper and Brothers
_c1951
300 _axiii,250p.
650 _aSociology
700 _a Chase Marian Tyler
_9761505
942 _cTEXL
_h301, CHA
999 _c1336472
_d1336472